书目信息 |
| 题名: |
富爸爸财务自由之路
|
|
| 作者: | 莱希特 , 清崎 著 ;萧明 译 | |
| 分册: | ||
| 出版信息: | 成都 四川人民出版社 2017.11 |
|
| 页数: | 307页 | |
| 开本: | 22cm | |
| 丛书名: | ||
| 单 册: | ||
| 中图分类: | TS976.15 | |
| 科图分类: | ||
| 主题词: | 家庭--经济管理--普及读物 | |
| 电子资源: | ||
| ISBN: | 978-7-220-10295-0 | |
| 000 | 01195nam0 2200289 450 | |
| 001 | 96102 | |
| 005 | 20250911155531.03 | |
| 010 | @a978-7-220-10295-0@dCNY45.00 | |
| 100 | @a20171115d2017 em y0chiy50 ea | |
| 101 | 1 | @achi@ceng |
| 102 | @aCN@b510000 | |
| 105 | @ay z 000yy | |
| 106 | @ar | |
| 106 | @ar | |
| 200 | 1 | @a富爸爸财务自由之路@b专著@f(美)罗伯特·清崎,(美)莎伦·莱希特著@g萧明译@Afu ba ba cai wu zi you zhi lu |
| 210 | @a成都@c四川人民出版社@d2017.11 | |
| 215 | @a307页@d22cm | |
| 300 | @a富爸爸财商教育系列 | |
| 330 | @a本书归纳出了4个现金流象限:雇员、自由职业者、企业主和投资人,只有具备投资人和企业主的技能,才更容易致富;详细介绍了这些观念和技巧,把投资人细分为7个等级,帮你看清自己的财务状况;更列出了7个完整的步骤,指引你走上财务自由之路。 | |
| 510 | 1 | @aCashflow quadrant: rich dad's guide to financial freedom@zeng |
| 606 | 0 | @a家庭@x经济管理@j普及读物 |
| 690 | @aTS976.15@v5 | |
| 701 | 0 | @c(美)@a莱希特@c(女,Lechter, Sharon L.@f1954~)@4著@Alai xi te |
| 701 | 0 | @c(美)@a清崎@c(Kiyosaki, Robert T.@f1947~)@4著@Aqing qi |
| 702 | 0 | @a萧明@c(翻译)@4译@Axiao ming |
| 801 | 0 | @aCN@c20250909 |
| 905 | @dTS976.15@eL028@f1@a河南城建学院图书馆 | |
| 富爸爸财务自由之路/(美)罗伯特·清崎,(美)莎伦·莱希特著/萧明译.-成都:四川人民出版社,2017.11 |
| 307页;22cm |
| 富爸爸财商教育系列 |
| ISBN 978-7-220-10295-0:CNY45.00 |
| 本书归纳出了4个现金流象限:雇员、自由职业者、企业主和投资人,只有具备投资人和企业主的技能,才更容易致富;详细介绍了这些观念和技巧,把投资人细分为7个等级,帮你看清自己的财务状况;更列出了7个完整的步骤,指引你走上财务自由之路。 |
| ● |
| 相关链接 |
|
|
|
正题名:富爸爸财务自由之路
索取号:TS976.15/L028
 
预约/预借
| 序号 | 登录号 | 条形码 | 馆藏地/架位号 | 状态 | 备注 |
| 1 | 1630250 | 216302506 | 自科库501/501自科库 46排3列4层/ [索取号:TS976.15/L028] | 在馆 |